| 000 | 00528nam a2200169 a 4500 | ||
|---|---|---|---|
| 005 | 20140412111302.0 | ||
| 008 | 001115s19uu xx 00 eng d | ||
| 020 | _a0-380-00255-8 | ||
| 050 |
_aER _bVe48 1975 |
||
| 100 | _aWilliams, Margery | ||
| 245 |
_aThe Velveteen rabbit : _cby Margery Williams ; illustrated by William Nicholsonm. _bor how toys become real / |
||
| 260 |
_aNew York : _bAn Avon Camelot Book. |
||
| 300 | _a40 p. ; col. ; ill. | ||
| 650 | _aRabbits -- Stories | ||
| 650 | _aFairy tales | ||
| 999 |
_c103469 _d103469 |
||